| 000 | 00528cam a22002051 4500 | ||
|---|---|---|---|
| 001 | af 48001599 | ||
| 003 | DLC | ||
| 005 | 20260227110850.0 | ||
| 008 | 890405s1942 gw 000 1 ger c | ||
| 010 | _aaf 48001599 | ||
| 035 | _a(OCoLC)19500364 | ||
| 040 |
_aCalifornia. Univ. Libr. _cCU _dDLC |
||
| 042 | _apremarc | ||
| 050 | 0 | 0 |
_aPT2613.R5213 _bS4 |
| 082 | _a833.91 | ||
| 100 | 1 |
_aGrimm, Heinrich, _d1893- |
|
| 245 | 1 | 4 |
_aDer schwarze Jäger, _bRoman. |
| 260 |
_aMünchen, _bF.C. Mayer, _c1942. |
||
| 300 |
_a127 p. _c20 cm. |
||
| 999 |
_c4612 _d4612 |
||